Top 20 best NBA centres of all time - Statistics

General Stats
  • This quiz has been taken 124 times
  • The average score is 14 of 20
Answer Stats
Team Players % Correct
Lakers Shaquille O’Neal
99%
Lakers Kareem Abdul Jabbar
96%
Rockets Hakeem Olajuwon
95%
76ers Wilt chamberlain
95%
Celtics Bill Russell
90%
Knicks Patrick Ewing
88%
Spurs David Robinson
87%
Nuggets Nikola Jokic
87%
Magic Dwight Howard
75%
76ers Moses Malone
72%
76ers Joel Embiid
71%
Trailblazers Bill Walton
69%
Wizards Wes unseld
68%
Celtics Robert Parish
62%
Clippers Bob McAdoo
54%
Knicks Willis Reed
49%
Bulls Artis Gilmore
46%
Lakers George Mikan
45%
Timberwolfs Rudy Gobert
44%
Celtics Dave Cowens
37%
No matching quizzes found
Score Distribution
Percent of People with Each Score
Percentile by Number Answered
Your Score History
You have not taken this quiz